5 Largest Military Countries by Continent - Statistics

General Stats
  • This quiz has been taken 5,254 times
    172 since last reset
  • The average score is 26 of 30
Answer Stats
Continent Troops Country % Correct
North America 1,326,050 United States
98%
Oceania 58,600 Australia
97%
North America 67,400 Canada
97%
Asia 2,035,000 China
97%
North America 216,000 Mexico
97%
Europe 1,100,000 Russia
96%
South America 366,500 Brazil
95%
Europe 270,000 France
95%
Asia 1,475,750 India
95%
Oceania 9,000 New Zealand
94%
Africa 438,500 Egypt
93%
Europe 183,500 Germany
93%
Europe 800,000 Ukraine
90%
South America 257,450 Colombia
89%
Europe 165,500 Italy
89%
South America 77,200 Chile
87%
Asia 660,000 Pakistan
87%
South America 123,000 Venezuela
87%
Asia 1,280,000 North Korea
86%
North America 49,000 Cuba
85%
Asia 610,000 Iran
85%
South America 81,000 Peru
85%
Oceania 3,500 Fiji
82%
North America 56,050 Dominican Republic
78%
Oceania 3,600 Papua New Guinea
77%
Africa 503,000 Ethiopia
76%
Africa 195,800 Morocco
75%
Oceania 500 Tonga
65%
Africa 185,000 South Sudan
47%
Africa 301,750 Eritrea
45%
No matching quizzes found
Score Distribution
Percent of People with Each Score
Percentile by Number Answered
Your Score History
You have not taken this quiz since the last reset